| 000 | 00760nam a2200241 i 4500 | ||
|---|---|---|---|
| 001 | 97949 | ||
| 003 | ES-MaACL | ||
| 005 | 20250807232516.0 | ||
| 007 | t| | ||
| 008 | 050721s1984 sp |||| | spa d | ||
| 100 | 1 |
_aMarín Saura, Juana J. _976813 |
|
| 245 | 1 | 3 |
_aEl silencio de las lilas / _cJuana J. Marín Saura; prólogo José Javier Aleixandre. |
| 250 | _a1ª ed. | ||
| 260 |
_aMadrid : _bTorremozas, _c1984. |
||
| 300 |
_a72 p. ; _c17 cm. |
||
| 490 | 1 |
_aColección Torremozas de poesía de mujeres ; _v10 |
|
| 500 | _aGrab. retr. autor. | ||
| 700 | 1 |
_aAleixandre, José Javier. _919686 |
|
| 830 | 0 | 0 |
_aColección Torremozas de poesía de mujeres _v10 _9177494 |
| 852 |
_aES-MaACL _jL-5973 |
||
| 942 | _2udc | ||
| 999 |
_c97949 _d97949 |
||